[Event "Solingen op-B"]
[Site "Solingen"]
[Date "2005.05.26"]
[Round "2"]
[White "Tammert, Rolf"]
[Black "Dinslage, Klaus Dieter"]
[Result "1-0"]
[WhiteElo "1862"]
[BlackElo "1606"]
[PlyCount "51"]
[EventDate "2005.05.26"]
[EventType "swiss"]
[EventRounds "7"]
[EventCountry "GER"]
[SourceTitle "EXT 2006"]
[Source "ChessBase"]
[SourceDate "2005.11.24"]
[SourceVersion "1"]
[SourceVersionDate "2005.11.24"]
[SourceQuality "1"]

1. e4 e5 2. Nf3 Nc6 3. Bc4 Bc5 4. d3 d6 5. Nc3 h6 6. a3 Bg4 7. h3 Bh5 8. g4 Bg6 9. Na4 Bb6 10. c3 Nge7 11. Qe2 a6 12. Nxb6 cxb6 13. Nh4 Bh7 14. Qf3 0-0 15. Nf5 Nxf5 16. gxf5 Qf6 17. Rg1 Ne7 18. h4 d5 19. Bb3 Kh8 20. Bg5 Qd6 21. f6 hxg5 22. fxe7 Qxe7 23. hxg5 dxe4 24. Qh3 Qd6 25. g6 fxg6 26. Rh1 1-0

[Event "Oberliga NRW 9899 II"]
[Site "Germany"]
[Date "1999.??.??"]
[Round "6.5"]
[White "Tammert, Rolf"]
[Black "Kalnik, Heinrich"]
[Result "1/2-1/2"]
[WhiteElo "1978"]
[BlackElo "1938"]
[PlyCount "23"]
[EventDate "1998.10.10"]
[EventType "team"]
[EventRounds "9"]
[EventCountry "GER"]
[SourceTitle "EXT 2000"]
[Source "ChessBase"]
[SourceDate "1999.11.16"]
[SourceVersion "1"]
[SourceVersionDate "1999.11.16"]
[SourceQuality "1"]
[WhiteTeam "Uebach Palenberg"]
[BlackTeam "Letmathe"]
[WhiteTeamCountry "GER"]
[BlackTeamCountry "GER"]

1. e4 e6 2. d4 d5 3. e5 c5 4. c3 Nc6 5. Nf3 Qc7 6. a3 Bd7 7. Bd3 c4 8. Bc2 Nge7 9. 0-0 Ng6 10. h4 Be7 11. h5 Nf8 12. Nh2 1/2-1/2